00411 2200157 4500001002100000005001500021035002000036245005400056100002300110300003000133260003800163082000800201084001400209020001800223990001200241INLIS00000000000188820250519080055 a0010-05250001801 aBelajar Bermain Bola Volley /cDieter Beutelstahl0 aDieter Beutelstahl a132 hlm ;c14,5 x 20,5 cm aBandung :bCV. Pionir Jaya,c2007 a700 a700 DIE b a979-542-250-2 a0754829